Comentarios a la sentencia del Tribunal Constitucional sobre la defensa posesoria estatal (Registro nro. 22591)

000 -Cabecera
Campo de control interno 02673nam a2200277 4500
001 - Número de control
control field ESSALUD
005 - Fecha y hora de la última transacción
Campo de control 20260701101102.0
007 - Tipo material - Descripcion fisica - info general
Tipo material - Descripcion fisica - info general ta
008 - Elementos de Longitud Fija - Información General
Elementos de Longitud Fija - Información t pe ||||| |||| 00| 0 spa d
040 ## - Origen de la Catalogación
Origen de la Catalogación BMG
041 ## - Idioma
Idioma spa
100 ## - Autor
Autor Geldres Campos, Ricardo
Rol del Autor Autor
9 (RLIN) 48112
245 ## - Titulo
Titulo Comentarios a la sentencia del Tribunal Constitucional sobre la defensa posesoria estatal
246 ## - Variante del Titulo
Titulo Commentary on the Constitutional Court's ruling regarding state possessory defense
300 ## - Páginas
Paginación páginas 12-15
520 ## - Resumen
Resumen En una reciente sentencia (Expediente N° 00161-2022 - PA/TC), el Tribunal Constitucional precisó el alcance de la recuperación extrajudicial de predios de propiedad estatal, prevista en la Ley N° 30230. El autor manifiesta su conformidad con dicha decisión y afirma que el Colegiado no niega la validez constitucional de este mecanismo, sino que delimita con claridad su ámbito legítimo de aplicación. Así, refiere que la sentencia establece que dicha potestad es una técnica excepciona l de defensa frente a invasiones u ocupaciones manifiestamente ilegales, y no un mecanismo para resolver controversias de titularidades de naturaleza compleja. En ese sentido, cuan do el particular exhibe un título inscrito en Registros Públicos, la controversia deja de ser estrictamente posesoria y se convierte en un conflicto sobre titularidad que exige contradicción probatoria.
520 ## - Resumen
Resumen In o recent ruling (Cose No. 00161-2022-PA/TC), the Constitutional Court specified the scope of extrajudicial recovery of state-owned real estate, as provided for under Law No. 30230. The author expresses concurrence with said decision, asserting thot the Court does not deny the constitutional validity of this mechanism, but rother clearly defines its legitimate scope of application. Thus, the author notes that the judgment establishes this authority as an extraordinary defense technique against manifestly illegal invasions or squatting, rother than o mechanism to resolve complex title disputes. Consequently, when a private party presents a title deed registered in the Public Registry, the controversy ceases to be strictly possessory and evolves into a conflict over ownership that requires an evidentiary hearing.
650 ## - Temas - Descriptores
Temas - Descriptores DEFENSA POSESORIA
9 (RLIN) 53022
650 ## - Temas - Descriptores
Temas - Descriptores RECUPERACIÓN EXTRAJUDICIAL
9 (RLIN) 53023
650 ## - Temas - Descriptores
Temas - Descriptores PREDIOS
9 (RLIN) 53024
650 ## - Temas - Descriptores
Temas - Descriptores POSSESSORY DEFENSE
9 (RLIN) 53025
650 ## - Temas - Descriptores
Temas - Descriptores EXTRAJUDICIAL RECOVERY
9 (RLIN) 53026
650 ## - Temas - Descriptores
Temas - Descriptores REAL ESTATE
9 (RLIN) 53027
773 0# - Revista (Relacion con el numero)
Host Biblionumber 22573
Host Itemnumber 22621
Ciudad, Editorial Lima Grupo Praxis Formación Profesional, 2026-
Codigo barras item/ejemplar PRA002
Titulo de la Revista Praxis Civil & Procesal Civil
Número de control de registro ESSALUD
ISSN 3119-7671
942 ## - Elementos de Koha
Tipo de Documento Artículos
Fecha procesamiento 2026-07-01
Catalogador sqb

No hay ítems disponibles.